00489nam a2200157Ia 450000500170000000800410001702000180005804000130007608200130008910000300010224500690013226000550020130000140025654600120027065000490028220250806113125.0231207s9999 xx 000 0 und d a9780801859250 cPK-LaNCA a701bMAR aMarranca, Bonnie (Editor) 0aConservations on art and performancecEdited by Bonnie Marranca bThe Johns Hopkins University PressaMarylandc1999 axiv, 506p aEnglish aPerforming arts, Art--Essays, Art--Criticism